[Event "HUN-chT2 Asztalos 1617"]
[Site "Hungary"]
[Date "2017.02.26"]
[Round "9.7"]
[White "Csernyiczky, Laszlo"]
[Black "Toth, Zsolt"]
[Result "1-0"]
[WhiteElo "1933"]
[BlackElo "1810"]
[PlyCount "81"]
[EventDate "2016.09.25"]
[EventType "team-tourn"]
[EventRounds "11"]
[EventCountry "HUN"]
[SourceTitle "EXT 2021"]
[Source "ChessBase"]
[SourceDate "2020.10.23"]
[SourceVersion "1"]
[SourceVersionDate "2020.10.23"]
[SourceQuality "1"]
[WhiteTeam "Kiraly Sakk"]
[BlackTeam "Pecs Karmin"]
[WhiteTeamCountry "HUN"]
[BlackTeamCountry "HUN"]

1. e4 d5 2. exd5 Qxd5 3. Nc3 Qd6 4. d4 Nf6 5. Be2 a6 6. Nf3 Bf5 7. Ne5 e6 8. Bf4 Qd8 9. Bf3 c6 10. 0-0 Bd6 11. Bg5 h6 12. Bh4 Be7 13. Re1 0-0 14. Bg3 Bd6 15. Qd2 Bxe5 16. Bxe5 Nbd7 17. Bf4 Kh7 18. Nd1 Nb6 19. Ne3 Ne4 20. Qa5 Nd5 21. Qxd8 Raxd8 22. Nxd5 cxd5 23. g4 Bg6 24. h4 f5 25. g5 Rc8 26. Bd1 hxg5 27. hxg5 Rf7 28. f3 Bh5 29. fxe4 Bxd1 30. Raxd1 fxe4 31. Rf1 Rxc2 32. Rd2 Rc4 33. b3 Rc3 34. Be5 Rd7 35. g6+ Kxg6 36. Rg2+ Kh7 37. Rf4 Rf3 38. Rxf3 exf3 39. Rg3 Rf7 40. Kf2 Rf5 41. Rxg7+ 1-0

[Event "HUN-chT2 Asztalos 1617"]
[Site "Hungary"]
[Date "2017.01.29"]
[Round "7.6"]
[White "Toth, Zsolt"]
[Black "Fekete, Lajos"]
[Result "1/2-1/2"]
[WhiteElo "1810"]
[BlackElo "1841"]
[PlyCount "27"]
[EventDate "2016.09.25"]
[EventType "team-tourn"]
[EventRounds "11"]
[EventCountry "HUN"]
[SourceTitle "EXT 2021"]
[Source "ChessBase"]
[SourceDate "2020.10.23"]
[SourceVersion "1"]
[SourceVersionDate "2020.10.23"]
[SourceQuality "1"]
[WhiteTeam "Pecs Karmin"]
[BlackTeam "Komlo Banyasz II"]
[WhiteTeamCountry "HUN"]
[BlackTeamCountry "HUN"]

1. d4 Nf6 2. Nf3 d5 3. c4 e6 4. cxd5 exd5 5. e3 Bd6 6. Be2 0-0 7. 0-0 Nbd7 8. b3 c6 9. Qc2 Re8 10. Nbd2 Nf8 11. Bb2 Bg4 12. Rfe1 Qc8 13. a3 Bf5 14. Bd3 1/2-1/2

[Event "HUN-chT2 Asztalos 1516"]
[Site "Hungary"]
[Date "2016.02.14"]
[Round "7.8"]
[White "Toth, Zsolt"]
[Black "Holczl, Attila"]
[Result "0-1"]
[WhiteElo "1824"]
[BlackElo "1974"]
[PlyCount "72"]
[EventDate "2015.09.13"]
[EventType "team-tourn"]
[EventRounds "11"]
[EventCountry "HUN"]
[SourceTitle "EXT 2017"]
[Source "ChessBase"]
[SourceDate "2016.10.25"]
[SourceVersion "1"]
[SourceVersionDate "2016.10.25"]
[SourceQuality "1"]
[WhiteTeam "Pecs Karmin"]
[BlackTeam "Decs 1990 II"]
[WhiteTeamCountry "HUN"]
[BlackTeamCountry "HUN"]

1. d4 d5 2. Nf3 Nf6 3. c4 e6 4. Nc3 Nbd7 5. cxd5 exd5 6. g3 c6 7. Bg2 Bd6 8. 0-0 0-0 9. Qc2 Re8 10. a3 h6 11. b4 Nb6 12. Nd2 Bg4 13. e3 Bh5 14. Re1 Bg6 15. Qb3 Rc8 16. a4 a6 17. a5 Nbd7 18. Na4 Qe7 19. Ba3 Rb8 20. Rac1 Nf8 21. Bf1 Ne6 22. f3 Ng5 23. Kf2 Qc7 24. Bg2 Bf5 25. Nc5 Nh3+ 26. Bxh3 Bxh3 27. e4 Bxc5 28. dxc5 dxe4 29. fxe4 Ng4+ 30. Kg1 Ne5 31. Re3 Rbd8 32. Qc3 Qd7 33. Rc2 Qg4 34. Kf2 Qd1 35. Re2 Rd3 36. Qb2 Ng4# 0-1

[Event "HUN-chT2 Asztalos 1516"]
[Site "Hungary"]
[Date "2015.10.04"]
[Round "2.6"]
[White "Szabo, Zoltan"]
[Black "Toth, Zsolt"]
[Result "0-1"]
[WhiteElo "1842"]
[BlackElo "1828"]
[PlyCount "54"]
[EventDate "2015.09.13"]
[EventType "team-tourn"]
[EventRounds "11"]
[EventCountry "HUN"]
[SourceTitle "CBM 170 Extra"]
[Source "ChessBase"]
[SourceDate "2016.02.25"]
[SourceVersion "1"]
[SourceVersionDate "2016.02.25"]
[SourceQuality "1"]
[WhiteTeam "Pet"]
[BlackTeam "Pecs Karmin"]
[WhiteTeamCountry "HUN"]
[BlackTeamCountry "HUN"]

1. e4 d5 2. exd5 Qxd5 3. Nc3 Qd6 4. d4 Nf6 5. Nf3 a6 6. a4 Bg4 7. Be2 Nc6 8. Be3 0-0-0 9. Ng5 Be6 10. Nxe6 fxe6 11. Bg4 Nb4 12. Bh3 Kb8 13. 0-0 Nbd5 14. Ne2 Nxe3 15. fxe3 g5 16. g3 h5 17. Bg2 h4 18. c4 c6 19. b4 Bg7 20. b5 Ng4 21. Rf3 e5 22. e4 exd4 23. bxa6 d3 24. a7+ Ka8 25. e5 Qc5+ 26. Kh1 dxe2 27. Qxe2 hxg3 0-1